000 01783nam a22002177a 4500
999 _c58933
_d58933
003 Ge_BSU
005 20221221134135.0
008 221021s2022 ge ||||| |||| 00| 0 geo d
041 _ageo
080 _a82 მ-43
100 _aმახარაძე, ანასტასია
_915401
245 _aსამეცნიერო თარგმანის სპეციფიკა და მისი როლი მეცნიერების განვითარებაში :
_bდისერტაცია /
_cანასტასია მახარაძე; სამეცნიერო ხელმძღვანელი მარინე აროშიძე; ბათუმის შოთა რუსთაველის სახელმწიფო უნივერსიტეტი. ჰუმანიტარულ მეცნიერებათა ფაკულტეტი. ევროპეისტიკის დეპარტამენტი.
264 _aბათუმი,
_c2022.
300 _a167 გვ.
_b30 სმ.
504 _aბიბლიოგრ გვ. 163-167
653 _aსამეცნიერო თარგმნის სპეციფიკა
653 _aფილოლოგია
700 _aაროშიძე, მარინე
_eსამეცნიერო ხელმძღვანელი
_913519
710 _aბათუმის შოთა რუსთაველის სახელმწიფო უნივერსიტეტი.
_bჰუმანიტარულ მეცნიერებათა ფაკულტეტი. ევროპეისტიკის დეპარტამენტი.
_915402
942 _2udc
_cDS